=LDR 00000nam 2200000 4500 =001 INLIS000000000020168 =005 20200318072842 =035 ##$$a 0010-061300000020168 =008 200318################g##########0#ind## =041 ##$$a Ind =082 ##$$a 297 =090 ##$$a 2x0.01, Mun d =100 ##$$a Munir, A =245 1#$$a Dasar-dasar agama islam (MKDU) /$c Drs. A. Munir, Drs. Sudarsono,S.H. =260 ##$$a Jakarta :$b Rineka Cipta,$c 1992 =300 ##$$a xiv, 417 hlm : $b ilus ; $c 20 x 14 cm =650 #4$$a Islam-Filsafat dan teori =850 ##$$a NBPNMAT =020 ##$$a 979-518-291-9 =084 ##$$a 297 MUN d =990 ##$$a 20613572 =990 ##$$a 00092363 =990 ##$$a 20613575